The Fund's Liquidity Position-Review and Outlook.

This paper proposes a new trust fund that would enable the IMF to join international debt relief efforts for Haiti and other low-income countries hit by similar catastrophic disasters. Following the devastation caused by the recent earthquake in Haiti, an international consensus emerged that credito...

Ausführliche Beschreibung

Bibliographische Detailangaben
Körperschaft: International Monetary Fund
Format: Zeitschrift
Sprache:English
Veröffentlicht: Washington, D.C. : International Monetary Fund, 2010.
Schriftenreihe:Policy Papers; Policy Paper ; No. 2010/036
Online Zugang:Full text available on IMF
LEADER 01425cas a2200241 a 4500
001 AALejournalIMF020306
008 230101c9999 xx r poo 0 0eng d
020 |c 5.00 USD 
020 |z 9781498337533 
022 |a 2663-3493 
040 |a BD-DhAAL  |c BD-DhAAL 
110 2 |a International Monetary Fund. 
245 1 4 |a The Fund's Liquidity Position-Review and Outlook. 
264 1 |a Washington, D.C. :  |b International Monetary Fund,  |c 2010. 
300 |a 1 online resource (15 pages) 
490 1 |a Policy Papers 
500 |a <strong>Off-Campus Access:</strong> No User ID or Password Required 
500 |a <strong>On-Campus Access:</strong> No User ID or Password Required 
506 |a Electronic access restricted to authorized BRAC University faculty, staff and students 
520 3 |a This paper proposes a new trust fund that would enable the IMF to join international debt relief efforts for Haiti and other low-income countries hit by similar catastrophic disasters. Following the devastation caused by the recent earthquake in Haiti, an international consensus emerged that creditors should consider full debt relief to support Haiti's recovery. Haiti's debt to the IMF stands at SDR 178 million. 
538 |a Mode of access: Internet 
830 0 |a Policy Papers; Policy Paper ;  |v No. 2010/036 
856 4 0 |z Full text available on IMF  |u http://elibrary.imf.org/view/journals/007/2010/036/007.2010.issue-036-en.xml  |z IMF e-Library